Seven Natural Wonders of the World - Statistics

General Stats
  • This quiz has been taken 46 times
  • The average score is 3 of 7
Answer Stats
Environment Answer % Correct
Mountain Mount Everest
98%
Ocean Great Barrier Reef
50%
Waterfall Victoria Falls
50%
Desert Grand Canyon
41%
North Aurora Borealis
27%
Beach Guanabara Bay
5%
Rainforest Paricutin Volcano
2%
No matching quizzes found
Score Distribution
Percent of People with Each Score
Percentile by Number Answered
Your Score History
You have not taken this quiz